Water resources development in K.A .U (Record no. 17482)
[ view plain ]
| 000 -LEADER | |
|---|---|
| fixed length control field | 00228nam a22000977a 4500 |
| 003 - CONTROL NUMBER IDENTIFIER | |
| control field | OSt |
| 008 - FIXED-LENGTH DATA ELEMENTS--GENERAL INFORMATION | |
| fixed length control field | 211204b ||||| |||| 00| 0 eng d |
| 100 ## - MAIN ENTRY--AUTHOR NAME | |
| Personal name | Basak, P |
| 245 ## - TITLE STATEMENT | |
| Title | Water resources development in K.A .U |
| 942 ## - ADDED ENTRY ELEMENTS (KOHA) | |
| Koha item type | Books |
| Withdrawn status | Lost status | Damaged status | Home library | Current library | Date acquired | Accession Number | Koha item type |
|---|---|---|---|---|---|---|---|
| Damaged | KAUAET | KAUAET | 04/12/2021 | 14624 | Books |
